1418 1977 1013 1751 1245 1244 1615 1876 1563 1448 1131 1567 1249 1045 1643 1389 1739 1349 1701 1028 1018 1690 1872 1478 1364 1188 1086 1652 1115 1458 1283 1819 1214 1775 1268 1861 1076 1920 1115 1383 1323 1975 1327 1745 1324 1200 1050 1630 1186 1179 1209 1742 1589 1234 1058 1183 1189 1791 1785 1959 1739 1716 1176 1054 1752 1818 1272 1247 1220 1565 1099 1660 1907 1804 1986 1799 1921 1513 1862 1459 1801 1574 1836 1934 1303 1333 1248 1691 1444 1845 1256 1153 1158 1273 1234 1633 1008 1107 1028 BCNSPRNW ULIB Ver.6.0+V

เปลี่ยนเป็นภาษาไทย

Change to English
 แสดงรายละเอียดบรรณานุกรม
  กลับหน้าหลัก

Brief Record : Get Marc (ISO 2709) : E-mail record : QR code < ปิดหน้าต่าง
LEADER : 00000nam 2200000uu 4500
001    13399113618
003     ULIB
008    111124s2552||||th 000 0 tha d
020    ^a9786119007178
090    ^aนว.^bก741ต 2552
100 0  ^aกุหลาบเพลิง
245 00 ^aตำนานรักข้ามภพ/^cกุหลาบเพลิง
250    ^aพิมพ์ครั้งที่ 1
260    ^aกรุงเทพฯ :^bภัทร์โญธิน อักษรศาสตร์,^c2552
300    ^a284 หน้า
710 1  ภัทร์โญธิน อักษรศาสตร์
945    ^p249^l0^i15936
995    ^aทศพร
999    ^aใช้งานได้ทุกระบบ
รายการนี้ยังไม่มีแท็ก
คุณยังไม่ได้ล็อกอิน คุณสามารถมีกิจกรรมร่วมกับเว็บไซต์ได้ แต่ต้องล็อกอินก่อน ::
  ล็อกอิน

รายการสื่อสารสนเทศ

ลำดับที่ ประเภท เลขเรียก/บาร์โค้ด สถานที่ สถานะ
1. นวนิยาย
นวนิยาย
นว. ก741ต 2552  
  Barcode: 15936
ห้องสมุดวิทยาเขตสวรรค์ประชารักษ์
►นวนิยาย
บนชั้น
  ขอยืม

BibComment


ยังไม่เคยถูกคอมเมนท์

คอมเมนท์ทรัพยากรรายการนี้
  คอมเมนท์: ตำนานรักข้ามภพ ก..


 Copyright 2026. Bcnsprnw @Library